Most Points For Each Day Of The 2016-17 NBA Regular Season - Statistics

General Stats
  • This quiz has been taken 27 times
  • The average score is 24 of 38
Answer Stats
Team Player Days Led % Correct
Golden State Warriors Stephen Curry 9
100%
Portland Trail Blazers Damian Lillard 11
96%
Phoenix Suns Devin Booker 5
92%
Houston Rockets James Harden 15
92%
Golden State Warriors Kevin Durant 6
92%
Cleveland Cavaliers LeBron James 2
92%
New Orleans Pelicans Anthony Davis 12
88%
Golden State Warriors Klay Thompson 2
88%
Cleveland Cavaliers Kyrie Irving 3
88%
Oklahoma City Thunder Russell Westbrook 20
88%
Toronto Raptors DeMar DeRozan 9
84%
San Antonio Spurs Kawhi Leonard 5
84%
Minnesota Timberwolves Karl-Anthony Towns 6
76%
Memphis Grizzlies Marc Gasol 2
76%
Washington Wizards Bradley Beal 5
72%
New York Knicks Carmelo Anthony 2
72%
Sacramento Kings DeMarcus Cousins 6
72%
Charlotte Hornets Kemba Walker 2
72%
Indiana Pacers Paul George 5
72%
Minnesota Timberwolves Andrew Wiggins 7
68%
Los Angeles Clippers Blake Griffin 3
68%
Portland Trail Blazers CJ McCollum 4
68%
Chicago Bulls Jimmy Butler 8
68%
Washington Wizards John Wall 2
68%
Boston Celtics Isaiah Thomas 7
64%
Los Angeles Lakers D'Angelo Russell 1
60%
New York Knicks Kristaps Porzingis 2
44%
Milwaukee Bucks Jabari Parker 1
40%
Utah Jazz Gordon Hayward 2
36%
Orlando Magic Aaron Gordon 2
32%
Cleveland Cavaliers Deron Williams 1
32%
Los Angeles Lakers Lou Williams 2
32%
Phoenix Suns Eric Bledsoe 2
28%
Washington Wizards Otto Porter Jr. 1
16%
Indiana Pacers Jeff Teague 1
12%
Minnesota Timberwolves Ricky Rubio 1
12%
Denver Nuggets Will Barton 1
12%
Sacramento Kings Buddy Hield 1
8%
No matching quizzes found
Score Distribution
Percent of People with Each Score
Percentile by Number Answered
Your Score History
You have not taken this quiz